000 00560nam a2200133Ia 4500
008 171207s9999 xx 000 0 und d
100 _aAga, Firdissa Jebessa
245 _aMotivating and/or de-motivating environments to do action research: the case of teachers of English as a foreign language in Ethiopian universities
245 _cFirdissa Jebessa Aga
260 _c2017
300 _apages 203-222, 2017
440 _aEducational Action Research
_v25:2
650 _aAction research, motivating/de-motivating environments, English as a foreign language
999 _c347449
_d347449